| 000 | 00504cab a2200193 4500 | ||
|---|---|---|---|
| 001 | WB2943-11 | ||
| 008 | 090401t1993 xxu||||| |||| 00| 0 eng d | ||
| 035 | _a(Sirsi) u71932 | ||
| 041 | _aeng | ||
| 245 | _aBuilding on trust | ||
| 260 | _c1993 | ||
| 350 | _a0 | ||
| 490 |
_aFinancial Times _v19 November 1993, 14(1) |
||
| 520 | _aDiscusses the impacts of property owning charities. | ||
| 650 | _aDEVELOPMENT TRUSTS | ||
| 690 | _aPROPERTY-COMMERCIAL PROPERTY | ||
| 942 | _n0 | ||
| 948 | _c04/03/1997 | ||
| 999 |
_c45371 _d45371 |
||